01371nam a2200325Ia 4500001001200000003000800012006001900020007001500039008004100054020001800095020001800113020001500131040002100146035002100167050002700188245013200215260009600347300001700443500006200460504005100522533015200573650005100725650004500776655002900821700001900850710001700869710001600886856012600902999001701028ebr10231590CaPaEBRm u cr cn|||||||||111025s2008 dcu sb 001 0 eng d z9780821375013 z9780821375020 z0821375016 aCaPaEBRcCaPaEBR a(OCoLC)43457602014aHD9506.A2bI475 2008eb00aImplementing the extractive industries transparency initiativeh[electronic resource] :bapplying early lessons from the field. aWashington, DC :bInternational Bank for Reconstruction and Development/World Bank,cc2008. axiii, 105 p. a" ... lead author of this report is Sefton Darby"--P. ix. aIncludes bibliographical references and index. aElectronic reproduction.bPalo Alto, Calif. :cebrary,d2011.nAvailable via World Wide Web.nAccess may be limited to ebrary affiliated libraries. 0aMines and mineral resourcesxEconomic aspects. 0aMines and mineral resourcesxManagement. 7aElectronic books.2local1 aDarby, Sefton.2 aebrary, Inc.2 aWorld Bank.40uhttp://site.ebrary.com/lib/rucke/Doc?id=10231590zAn electronic book accessible through the World Wide Web; click to view c25603d25603